000 00417nam a2200145Ia 4500
008 230128s9999 xx 000 0 und d
041 _aeng
082 _aGOV PR0479
_bGOV
100 _aGovardhan Bhakti - 2K101062
_9118947
245 _aIdentification of Training Needs & Preparation of Training Calendar
260 _c2012
_bPune University
_aPune
300 _a54p
502 _cJadhav Geeta
999 _c97245
_d97245